00507nam a2200169 a 45000010010000000030011000100080041000210200015000620350026000771000030001032450071001332600039002043000015002435000017002586500032002758560030003070001-1153ELIB.Books150506 2010 eng  a080102479X a(ELIB.Books)0001-1308 aWolterstorff, Nicholas P. aEducating for LifebReflections on Christian Teaching and Learning aGrand RapidsbBaker Academicc2002 a298c23 Cm aC/o Moe Lwei aChristian Religious Schools nKBTS: LibraryuKBTS: Elib